000 01889nam a22003497a 4500
001 0007702
003 KOHA_MİRAKIL
005 20260207001607.0
007 ta
008 091001b2005 tu |||gr||||#||||0|tur |
020 _a9754375275
040 _aTR-BiSEU
_btur
_cTR-BiSEU
_erda
041 0 _atur
044 _ctu
050 _aJQ1805.T87
_bT87 2005
100 1 _aTuran, Osman.
245 1 _aTürkiye'de siyasi buhran'ın kaynakları/
_cOsman Turan ; Osman Turan.
264 1 _aİstanbul :
_bÖtüken
_c2005
300 _a227 sayfa; 23 cm.
336 _ametin
_btxt
_2rdacontent
337 _aaracısız
_bn
_2rdamedia
338 _acilt
_bnc
_2rdacarrier
490 1 _aYayın ;
_vnu.
490 1 _a607.
490 1 _aKültür Serisi ;
_v280.
505 _a"Türkiye'de tahsil müesseseleri, maarif teşkilâtı ve üniversiteler ilim, kültür, ahlâk ve mefkûresi sağlam, seçkin ve aydın bir nesil yetiştirmedikçe milletimizin rehbersiz kalması, manevî ve siyasî buhranlara düşmesi mukadderdir. Türk cemiyeti ilericilik zan ve iddiaları ile ilmî, millî ve insanî esaslara aykırı olarak öyle tersine zorlanmıştır ki, bu durumda manevî bir buhranın doğması ve siyasî nizamın bozulması kaçınılmazdı. Aslında medeniyet tarihi ve sosyolojinin gösterdiği üzere her yabancı kültür tesiri veya iktibasının cemiyet bünyesi üzerinde bir takım sarsıntılar yaratması tabiîdir. Eğer bu tesirler normal iktisadî ve kültürel münasebetlerle birlikte ve tedricî bir şekilde vuku bulursa, mevcut millî unsurlar üzerinde bir aşı vazifesini görür ve bu sayede cemiyet yeni bir medeniyet sentezi istikametinde hayatiyet kazanarak yükselir."
650 0 _aTurkey--Politics And Government.
_918515
830 1 _aYayın ;
_vnu.
_91557
830 1 _a607.
_919123
830 1 _aKültür Serisi ;
_v280.
_96554
942 _2lcc
_cBK
999 _c7679
_d7679